00277nam a2200109Ia 4500008004100000020001800041082001400059100000800073245005500081260000900136500002200145260604s9999 xx 000 0 und d a9781452282787 a001.4 KIM aKIM 0aUNDERSTANDING NARRATIVE INQUIRY THE CRAFTING & ANA bSAGE aResearch, Inquiry